000 00655nam a22002177a 4500
005 20251108173719.0
008 250721s2000 xx 000 0 ara d
082 1 4 _aط/551.45/مكت
245 1 0 _aالمناطق الشعبية /
264 1 _aبيروت :
_bمكتبة لبنان ناشرون،
_c2000.
300 _a32ص.
490 0 _aكتب الفراشة
650 1 7 _aالسهول
650 1 7 _aالسهول الساحليه
650 1 7 _aالاعشاب
650 1 7 _aالزراعه
653 _aناشاون صغار (10-14) سنه
710 2 _aدائرة النشر ، مكتبة لبنان
942 _2ddc
_cBK
999 _c110629
_d110629